书目信息 |
| 题名: |
对外汉语教学中的理论和方法
|
|
| 作者: | 黄锦章 , 刘焱 主编 | |
| 分册: | ||
| 出版信息: | 北京 北京大学出版社 2004 |
|
| 页数: | 246页 | |
| 开本: | 21cm | |
| 丛书名: | 对外汉语教学研究丛书 | |
| 单 册: | ||
| 中图分类: | H195.1 | |
| 科图分类: | ||
| 主题词: | 对外汉语教学--教学理论 | |
| 电子资源: | ||
| ISBN: | 7-301-07582-0 | |
| 000 | 00941oam2 2200277 450 | |
| 001 | 120002768091 | |
| 005 | 20050913084542.73 | |
| 010 | @a7-301-07582-0@dCNY18.00 | |
| 100 | @a20041229d2004 ekmy0chiy0120 ea | |
| 101 | 0 | @achi |
| 102 | @aCN@b110000 | |
| 105 | @ay az 000yy | |
| 200 | 1 | @a对外汉语教学中的理论和方法@Adui wai han yu jiao xue zhong de li lun he fang fa@f黄锦章,刘焱主编@Fhuang jin zhang,liu yan zhu bian |
| 210 | @a北京@c北京大学出版社@d2004 | |
| 215 | @a246页@d21cm | |
| 225 | 2 | @a对外汉语教学研究丛书 |
| 320 | @a有书目 | |
| 330 | @a本书对我国对外汉语教学的发展概况,对外汉语教学中的语言理论、语言学习理论、语言教学理论、及跨文化交际理论进行了讨论。 | |
| 410 | 0 | @12001 @a对外汉语教学研究丛书 |
| 606 | 0 | @a对外汉语教学@x教学理论 |
| 690 | @aH195.1@v4 | |
| 701 | 0 | @a黄锦章@Ahuang jin zhang@4主编 |
| 701 | 0 | @a刘焱@Aliu yan@4主编 |
| 801 | 0 | @aCN@bTSSF@c20050913 |
| 905 | @a10447@dH195.1@e165 | |
| 999 | @aWJ | |
| 对外汉语教学中的理论和方法/黄锦章,刘焱主编.-北京:北京大学出版社,2004 |
| 246页;21cm.-(对外汉语教学研究丛书) |
| ISBN 7-301-07582-0:CNY18.00 |
| 本书对我国对外汉语教学的发展概况,对外汉语教学中的语言理论、语言学习理论、语言教学理论、及跨文化交际理论进行了讨论。 |
| ● |
| 相关链接 |
|
|
|
|
正题名:对外汉语教学中的理论和方法
索取号:H195.1/165
 
预约/预借
| 序号 | 登录号 | 条形码 | 馆藏地/架位号 | 状态 | 备注 |
| 1 | 0361128 | 3611283 | 第二样本阅览室/ [索取号:H195.1/165] | 在馆 | |
| 2 | 0361129 | 3611292 | 第四借阅区/ [索取号:H195.1/165] | 在馆 | |
| 3 | 0361130 | 3611309 | 第四借阅区/ [索取号:H195.1/165] | 在馆 | |
| 4 | 0361131 | 3611318 | 第四借阅区/ [索取号:H195.1/165] | 在馆 | |
| 5 | 0361132 | 203611323 | 第四借阅区/ [索取号:H195.1/165] | 在馆 |